Coupe du Monde de Football - Participant ? #1 - Statistiques

Statistiques générales
  • Ce quiz a été pris 123 fois
  • Le résultat moyen est 12 sur 15
Statistiques - réponses
Hint Réponse % Correct
Japon Correct
97%
Suède Correct
95%
Mexique Correct
95%
Maroc Correct
94%
Iran Correct
88%
Chili Correct
88%
Luxembourg Incorrect
87%
Paraguay Correct
85%
Kenya Incorrect
82%
Nicaragua Incorrect
81%
Nouvelle-Zélande Correct
76%
Inde Incorrect
73%
Honduras Correct
72%
Islande Correct
71%
Togo Correct
52%
Aucun quiz correspondant
Distribution des résultats
% des personnes avec chaque résultat
Percentile par nombre de réponses
Votre historique - résultats
Vous n’avez pas pris ce quiz